00461nam a2200181Ia 4500003000400000005001700004008004100021020002200062040000700084041001200091082001900103100001700122245005000139250000600189260004200195300002000237650002200257OSt20250806175800.0210423s2004 xx 000 0 und d a978-1-25-906412-8 cAL aEnglish a320.454 bLAXI aLaxmikanth M aIndian polity for civil services examinations a4 aNew DelhibMcGrawhill Educationc2004 axxxv,AXIV.2bPB aPolitical Science